[Event "Heilbronner SV 1 - SK Sontheim/Brenz 1"]
[Site "Oberliga Württemberg 2018/2019"]
[Date "2018.09.23"]
[Round "1"]
[White "Walter, Kevin"]
[Black "Zuferi, Enis"]
[Result "0-1"]
[WhiteElo "2130"]
[BlackElo "2327"]
[Annotator ""]
[Source ""]
[Remark ""]

1.e4 e5 2.Nf3 Nc6 3.Bb5 a6 4.Bxc6 dxc6 5.O-O Ne7 6.Nxe5 Qd4 7.Qh5
g6 8.Qg5 Bg7 9.Nd3 f5 10.exf5 Bxf5 11.Nc3 Bf6 12.Qe3 Bxd3 13.cxd3
O-O-O 14.Qe6+ Kb8 15.Ne4 Nd5 16.a4 Rhe8 17.Qh3 Nf4 18.Qf3 Be5
19.Ra2 Nxd3 20.b3 Bxh2+ 21.Kxh2 Rxe4 22.Ba3 Rd5 23.g3 Rf5 24.Qg2
Ne1 25.Bb2 Qd3 0-1

[Event "Heilbronner SV 1 - SK Sontheim/Brenz 1"]
[Site "Oberliga Württemberg 2018/2019"]
[Date "2018.09.23"]
[Round "1"]
[White "Pürckhauer, Sören"]
[Black "Degenhard, Simon"]
[Result "1/2-1/2"]
[WhiteElo "2163"]
[BlackElo "2185"]
[Annotator ""]
[Source ""]
[Remark ""]

1.d4 Nf6 2.Bf4 d6 3.e3 g6 4.Bd3 Bg7 5.Nf3 O-O 6.Nbd2 Nfd7 7.Bg5
h6 8.Bh4 Qe8 9.O-O e5 10.c3 f5 11.dxe5 dxe5 12.Bc4+ Kh8 13.Bg3
Nc6 14.h3 Nb6 15.Bb3 g5 16.Nc4 f4 17.Nxb6 axb6 18.exf4 exf4 19.Bh2
Bf5 20.Bc2 Qg6 21.Bxf5 Qxf5 22.Qb1 {(=)} Qf7 23.a3 Rae8 24.Qc2
Ne5 25.Nxe5 Rxe5 26.Rfe1 Rfe8 27.Rxe5 Rxe5 28.Rd1 Qe7 29.Kh1
Re1+ 30.Bg1 Rxd1 31.Qxd1 Bf6 32.f3 Kg7 33.Bd4 Bxd4 34.Qxd4+ Kf7
35.Kh2 Qe1 1/2-1/2

[Event "Heilbronner SV 1 - SK Sontheim/Brenz 1"]
[Site "Oberliga Württemberg 2018/2019"]
[Date "2018.09.23"]
[Round "1"]
[White "Blum, Nicolas"]
[Black "Lemke, Johannes"]
[Result "0-1"]
[WhiteElo "2215"]
[BlackElo "2105"]
[Annotator ""]
[Source ""]
[Remark ""]

1.e4 e5 2.Bc4 d6 3.Nc3 c6 4.d4 Nd7 5.Nf3 Be7 6.a4 Ngf6 7.O-O
O-O 8.Re1 Qc7 9.h3 h6 10.b3 Re8 11.Bb2 Nf8 12.Qd2 Ng6 13.Rad1
Bf8 14.Qe3 a6 15.d5 b5 16.axb5 axb5 17.Bf1 b4 18.Na4 cxd5 19.exd5
Qxc2 20.Rc1 Qf5 21.Bb5 Bd7 22.Bc6 Rad8 23.Red1 Nf4 24.Ne1 Qh5
25.Rd2 g5 26.Nb6 Re7 27.Nxd7 Nxd7 28.Nd3 f5 29.Bxd7 Nxd5 30.Qe1
Rexd7 31.Rc4 Rb7 32.Nxe5 dxe5 33.Qxe5 Bg7 34.Qxf5 Bxb2 35.Rxd5
Rxd5 36.Qxd5+ Qf7 37.Qd8+ Kg7 38.Rc8 Kh7 39.Rc6 {ZÜ} 0-1

[Event "Heilbronner SV 1 - SK Sontheim/Brenz 1"]
[Site "Oberliga Württemberg 2018/2019"]
[Date "2018.09.23"]
[Round "1"]
[White "Ullmann, Juergen"]
[Black "Tschlatscher, Thomas"]
[Result "0-1"]
[WhiteElo "1977"]
[BlackElo "2125"]
[Annotator ""]
[Source ""]
[Remark ""]

1.e4 e5 2.Nc3 Nf6 3.f4 d5 4.fxe5 Nxe4 5.d3 Nxc3 6.bxc3 Be7 7.Nf3
O-O 8.Be2 f6 9.d4 fxe5 10.dxe5 Bc5 11.Bg5 Qd7 12.Qd2 c6 13.Be3
Qe7 14.O-O Bxe3+ 15.Qxe3 Be6 16.Rab1 b6 17.Nd4 Rxf1+ 18.Rxf1
c5 19.Nxe6 Qxe6 20.Qf3 Nc6 21.c4 Nd4 22.Qe3 Nxe2+ 23.Qxe2 dxc4
24.Qf3 Rb8 25.h3 h6 26.Re1 Re8 27.Qb7 Re7 28.Qa8+ Kh7 29.Qe4+
{(=)} g6 30.Rf1 h5 31.Rf3 b5 32.c3 b4 33.cxb4 cxb4 34.Qe1 c3
35.Qe4 a5 36.g4 hxg4 37.hxg4 c2 38.Qxc2 Qxg4+ 39.Kf2 Qh4+ 40.Kg2
Qd4 41.Rg3 Qd5+ 42.Kg1 Qe6 43.Qe4 Kg7 44.Rg2 Rd7 45.Kh2 Rd8 46.Kg1
Rd5 47.Re2 Qb6+ 48.Kg2 Rd4 49.Qf3 Qe6 50.Qb7+ Kh6 51.Kf2 Qh3
52.Qf3 Qh2+ 0-1

[Event "Heilbronner SV 1 - SK Sontheim/Brenz 1"]
[Site "Oberliga Württemberg 2018/2019"]
[Date "2018.09.23"]
[Round "1"]
[White "Mages, Steffen"]
[Black "Klein, Andreas"]
[Result "1/2-1/2"]
[WhiteElo "2108"]
[BlackElo "2024"]
[Annotator ""]
[Source ""]
[Remark ""]

1.d4 d5 2.c4 Nc6 3.Nf3 Bg4 4.Nc3 e6 5.cxd5 exd5 6.e3 Nf6 7.Bd2
a6 8.Rc1 Bd6 9.h3 Be6 10.Na4 Ne7 11.Nc5 Bc8 12.Bd3 b6 13.Na4
Bf5 14.Bxf5 Nxf5 15.Qc2 Ne7 16.O-O O-O 17.Qb3 Rb8 18.Qd3 Qd7
19.b3 Ra8 20.Rfd1 Ne4 21.Be1 Qb5 22.Qb1 c5 23.dxc5 bxc5 24.Nc3
Nxc3 25.Bxc3 f6 26.Nh4 Qd7 27.Qd3 Qe6 28.Bb2 Rfc8 29.Nf3 a5 30.Qc2
a4 31.bxa4 Qd7 32.Rd3 c4 33.Rdd1 Rxa4 34.e4 Rxa2 35.Qb1 Ra5 36.exd5
Rxd5 37.Rxd5 Nxd5 38.Qe4 Nb6 39.Bd4 Bc5 40.Bxc5 Rxc5 41.Qe3 Rb5
42.Qf4 Qc8 43.Qd4 h6 44.g4 Qc5 45.Qd8+ Kh7 46.Qe8 Rb2 47.Rf1
Qd5 48.Nh4 Qd3 49.Re1 Nd5 50.Re4 Nf4 51.Rxf4 Re2 52.Qc6 c3 53.Kg2
c2 54.Nf5 Re1 55.Qb7 Qxf5 56.Rxf5 c1Q 57.Rxf6 Rg1+ 58.Kh2 Re1
59.Rf7 Qa1 60.Qd5 Re5 61.Qd3+ Kg8 62.Rd7 Re8 63.Qd5+ Kh8 64.Qd4
Qxd4 65.Rxd4 Kh7 66.Rd5 Re2 67.Kg3 Ra2 68.h4 g6 69.Rd7+ Kg8 70.f3
Ra4 71.Re7 Rb4 72.Re4 Rb6 73.Kf4 Rf6+ 74.Ke3 Rd6 75.Re5 Kf7 76.h5
g5 77.Ke4 Ra6 78.Rd5 Re6+ 79.Kd4 Re7 80.Re5 Rd7+ 81.Ke4 Ra7 82.Rb5
Kg7 83.Rf5 Ra4+ 84.Ke3 Ra3+ 85.Kf2 1/2-1/2

[Event "Heilbronner SV 1 - SK Sontheim/Brenz 1"]
[Site "Oberliga Württemberg 2018/2019"]
[Date "2018.09.23"]
[Round "1"]
[White "Walliser, Holger"]
[Black "Bissbort, Julian"]
[Result "1-0"]
[WhiteElo "1913"]
[BlackElo "1995"]
[Annotator ""]
[Source ""]
[Remark ""]

1.e4 c5 2.Nf3 Nc6 3.d4 cxd4 4.Nxd4 g6 5.Nc3 Bg7 6.Be3 Nf6 7.Bc4
Qa5 8.f3 Qb4 9.Nxc6 bxc6 10.Bb3 O-O 11.Qd2 Rd8 12.a3 Qa5 13.O-O
Rb8 14.Bh6 Ba6 15.Rf2 Qc7 16.Re1 Bh8 17.e5 Ne8 18.Qf4 d5 19.exd6
exd6 20.Rd2 Be5 21.Qa4 Bb5 22.Nxb5 Rxb5 23.Rde2 Nf6 24.Qh4 Qd7
25.Bg5 Qf5 26.Rxe5 Rxe5 27.Rxe5 dxe5 28.Bxf6 Rd1+ 29.Kf2 h6 30.Be7
Kg7 31.Bb4 Rd4 32.Qe7 Rd7 33.Qc5 Qf4 34.Bc3 Kh7 35.Qxe5 Rd2+
36.Kf1 Rd1+ 37.Ke2 Rd2+ 38.Ke1 Qxe5+ 39.Bxe5 Rxg2 40.Bg3 h5 41.Bf2
Rxh2 42.Bxa7 h4 43.Kf1 h3 44.Bb8 Rd2 45.Kg1 Rg2+ 46.Kh1 Rf2 47.a4
Rxf3 48.a5 g5 49.a6 g4 50.a7 Rf1+ 51.Kh2 Ra1 52.Bxf7 Kh6 1-0

[Event "Heilbronner SV 1 - SK Sontheim/Brenz 1"]
[Site "Oberliga Württemberg 2018/2019"]
[Date "2018.09.23"]
[Round "1"]
[White "Lahouel, Kim-Luca"]
[Black "Walter, Daniel"]
[Result "1-0"]
[WhiteElo "1967"]
[BlackElo "1752"]
[Annotator ""]
[Source ""]
[Remark ""]

1.e4 c5 2.c3 Nf6 3.e5 Nd5 4.d4 cxd4 5.Nf3 Nc6 6.cxd4 d6 7.Bc4
e6 8.O-O Nb6 9.Bb5 Bd7 10.Nc3 Nb4 11.Be2 N4d5 12.Ne4 Bc6 13.Bg5
Qb8 14.Qb3 h6 15.Bh4 a6 16.Bg3 Ba4 17.Qd3 Nb4 18.Qd2 d5 19.Nd6+ 1-0

[Event "SG Schwäbisch Gmünd 1 - SF Deizisau 2"]
[Site "Oberliga Württemberg 2018/2019"]
[Date "2018.09.23"]
[Round "1"]
[White "Zeller, Frank"]
[Black "Velicka, Petr"]
[Result "1/2-1/2"]
[WhiteElo "2354"]
[BlackElo "2393"]
[Annotator ""]
[Source ""]
[Remark ""]

1.d4 d5 2.c4 c6 3.Nf3 Nf6 4.Nc3 a6 5.g3 b5 6.c5 Bf5 7.Nh4 Be6
8.Bg2 g6 9.O-O Bg7 10.f3 Ra7 11.b4 a5 12.bxa5 Rxa5 13.a4 Nfd7
14.Rb1 Nxc5 15.axb5 cxb5 16.Nxb5 Nca6 17.Bd2 Ra2 18.f4 O-O 19.e3
Nc7 20.Nc3 Ra7 21.g4 Nc6 22.Qf3 Ra5 23.Rfc1 Bd7 24.Be1 e6 25.Qd1
Ra8 26.Nf3 Na7 27.Bh4 f6 28.Na4 Nab5 29.Nc5 Nd6 30.Nb7 Nxb7 31.Rxb7
Nb5 32.Ne5 Be8 33.Nc6 Bxc6 34.Rxc6 Nd6 35.Rb1 Qd7 36.Rbc1 Rfc8
37.R6c5 f5 38.gxf5 gxf5 39.Qc2 Nc4 40.Rxc8+ Rxc8 41.Qb3 Nd2 42.Qb2
Rxc1+ 43.Qxc1 Ne4 44.Be1 Bf8 45.Qc2 Bd6 46.Bf3 Qc7 47.Qxc7 Bxc7 1/2-1/2

[Event "SG Schwäbisch Gmünd 1 - SF Deizisau 2"]
[Site "Oberliga Württemberg 2018/2019"]
[Date "2018.09.23"]
[Round "1"]
[White "Jurek, Josef"]
[Black "Foisor, Ovidiu-Doru"]
[Result "1/2-1/2"]
[WhiteElo "2248"]
[BlackElo "2327"]
[Annotator ""]
[Source ""]
[Remark ""]

1.c4 g6 2.g3 Bg7 3.Bg2 c5 4.Nc3 Nc6 5.Nf3 e6 6.O-O Nge7 7.e3
O-O 8.d4 cxd4 9.Nxd4 d5 10.cxd5 Nxd4 11.exd4 Nxd5 12.Nxd5 exd5 1/2-1/2

[Event "SG Schwäbisch Gmünd 1 - SF Deizisau 2"]
[Site "Oberliga Württemberg 2018/2019"]
[Date "2018.09.23"]
[Round "1"]
[White "Fischer, Sebastian"]
[Black "Denisow, Jewgeny"]
[Result "1/2-1/2"]
[WhiteElo "2230"]
[BlackElo "2131"]
[Annotator ""]
[Source ""]
[Remark ""]

1.d4 d6 2.Nf3 f5 3.g3 Nf6 4.Bg2 g6 5.O-O Bg7 6.b3 O-O 7.Bb2 a5
8.a4 Nc6 9.Na3 Nb4 10.Ne1 c6 11.c3 Nbd5 12.Nd3 Ne4 13.Qc1 Nc7
14.Nc4 Be6 15.Qc2 Nd5 16.Nd2 Nef6 17.c4 Nc7 18.Bc3 Bf7 19.b4
axb4 20.Bxb4 Ne4 21.Nxe4 fxe4 22.Bxe4 Bxd4 23.Bc3 d5 24.cxd5
Bxc3 25.Qxc3 Bxd5 26.Bxd5+ Qxd5 27.Rfb1 b5 28.Nf4 Qe4 29.f3 Nd5
30.Qd2 Qe3+ 31.Qxe3 Nxe3 32.axb5 Rxa1 33.Rxa1 cxb5 34.Ra7 e5
{(=)} 35.Ne6 Rb8 36.Nc5 b4 37.Nb3 Rb5 38.Rd7 Rd5 39.Rxd5 Nxd5
40.e4 Nc3 41.Kf2 Kf7 42.Ke3 Na4 43.Kd3 Nb2+ 44.Kc2 Nc4 45.Nd2
Na5 46.Kd3 g5 47.Nc4 Nc6 48.Nd2 Na5 49.Nc4 Nc6 50.Nd2 Na5 1/2-1/2

[Event "SG Schwäbisch Gmünd 1 - SF Deizisau 2"]
[Site "Oberliga Württemberg 2018/2019"]
[Date "2018.09.23"]
[Round "1"]
[White "Weiss, Andreas"]
[Black "Bronznik, Valerij"]
[Result "1-0"]
[WhiteElo "2166"]
[BlackElo "2223"]
[Annotator ""]
[Source ""]
[Remark ""]

1.e4 c5 2.Nf3 Nc6 3.d4 cxd4 4.Nxd4 e5 5.Nb5 d6 6.N1c3 a6 7.Na3
Be7 8.Nc4 b5 9.Ne3 Nf6 10.Ned5 Nxd5 11.Nxd5 O-O 12.Be3 Rb8 13.Qd2
Be6 14.Be2 Bxd5 15.exd5 Nd4 16.Bxd4 exd4 17.O-O Bf6 18.Bd3 Qb6
{(=)} 19.Qf4 Be5 20.Qf3 g6 21.b3 a5 22.a4 b4 23.Rae1 Rbc8 24.Bc4
Rc5 25.Qd3 Qd8 26.f4 Bg7 27.Re2 Rc7 28.Rfe1 Qf6 29.g3 h6 30.Re8
Rxe8 31.Rxe8+ Kh7 32.Qe4 Ra7 33.Bd3 Rd7 34.Qe2 h5 35.Qxh5+ Bh6
36.Qe2 Kg7 37.Qe4 Rd8 38.Rxd8 Qxd8 39.h4 Kf8 40.Qxd4 Bg7 41.Qe4
Qb6+ 42.Kg2 Qd4 43.Qxd4 Bxd4 44.Kf3 Kg7 45.g4 Bb6 46.f5 Bd8 47.g5
f6 48.Kg4 fxg5 49.hxg5 gxf5+ 50.Kxf5 Be7 51.Be2 Kf7 52.Bh5+ Kg7
53.Be8 Kf8 54.Bb5 Kg7 55.Bd3 Kg8 56.g6 Kg7 57.Ke6 Bf8 58.Be4
Kg8 59.c4 bxc3 60.Bc2 Kg7 61.b4 axb4 62.a5 1-0

[Event "SG Schwäbisch Gmünd 1 - SF Deizisau 2"]
[Site "Oberliga Württemberg 2018/2019"]
[Date "2018.09.23"]
[Round "1"]
[White "Jelica, Mara"]
[Black "Hönick, Andreas"]
[Result "1/2-1/2"]
[WhiteElo "2117"]
[BlackElo "2069"]
[Annotator ""]
[Source ""]
[Remark ""]

1.e4 c5 2.Nf3 Nc6 3.d4 cxd4 4.Nxd4 e5 5.Nb5 a6 6.Nd6+ Bxd6 7.Qxd6
Qe7 8.Qd1 Nf6 9.Nc3 d6 10.Bg5 Be6 11.Be2 h6 12.Bh4 g5 13.Bg3
Nd4 14.f3 Nh5 15.Bf2 Nxe2 16.Nxe2 Rd8 17.Nc3 d5 18.exd5 Nf4 19.O-O
Bxd5 20.Nxd5 Rxd5 21.Qe1 O-O 22.Be3 Qf6 23.c4 Rd7 24.Rd1 Rfd8
25.Rxd7 Rxd7 26.b3 Kg7 27.Bd2 Qf5 28.Bc3 f6 29.Bd2 Ne6 30.Bc1
Qc2 31.Qf2 Qd3 32.Re1 Kf7 33.h4 Nd4 34.Kh2 Nf5 35.hxg5 hxg5 36.Qe2 1/2-1/2

[Event "SG Schwäbisch Gmünd 1 - SF Deizisau 2"]
[Site "Oberliga Württemberg 2018/2019"]
[Date "2018.09.23"]
[Round "1"]
[White "Reindl, Arno"]
[Black "Gustain, Marc"]
[Result "0-1"]
[WhiteElo "2012"]
[BlackElo "2121"]
[Annotator ""]
[Source ""]
[Remark ""]

1.e4 d5 2.exd5 Qxd5 3.Nc3 Qd8 4.d4 Nf6 5.Nf3 Bg4 6.Be3 e6 7.a3
Be7 8.Be2 Nbd7 9.Qd2 c6 10.O-O-O Nb6 11.h3 Bxf3 12.Bxf3 Nbd5
13.Ne4 Nxe4 14.Bxe4 b5 15.Qd3 Qb6 16.Kd2 Rd8 17.Ke2 c5 18.Bxd5
Rxd5 19.dxc5 Bxc5 20.Qe4 O-O 21.Rhe1 Bxe3 22.Qxe3 Qxe3+ 23.Kxe3
Rfd8 24.Rxd5 Rxd5 25.Re2 Kf8 26.Rd2 Re5+ 27.Kf4 Rf5+ 28.Ke3 {(=)}
Ke7 29.Rd4 Rc5 30.Kd2 e5 31.Rd3 f5 32.c3 Ke6 33.Kc2 Rd5 34.Re3
e4 35.h4 Ke5 36.g3 f4 37.gxf4+ Kxf4 38.a4 bxa4 39.c4 Rf5 40.Ra3
Ke5 41.Rxa4 Rxf2+ 42.Kc3 Rf3+ 43.Kd2 Rd3+ 44.Ke2 Rb3 45.Rxa7
Rxb2+ 46.Kf1 Rh2 47.Rxg7 Rxh4 48.Re7+ Kd4 49.Kf2 Rh2+ 50.Kg3
Rh6 51.Kf2 Rh2+ 52.Kg3 Rh1 53.Kg2 Rc1 54.Kf2 Rc2+ 55.Kf1 Ke3
56.Rxh7 Rc1+ 0-1

[Event "SG Schwäbisch Gmünd 1 - SF Deizisau 2"]
[Site "Oberliga Württemberg 2018/2019"]
[Date "2018.09.23"]
[Round "1"]
[White "Rempeli, Alex"]
[Black "Kasüschke, Lars"]
[Result "0-1"]
[WhiteElo "2027"]
[BlackElo "2024"]
[Annotator ""]
[Source ""]
[Remark ""]

1.d4 Nf6 2.c4 e6 3.Nf3 d5 4.Nc3 dxc4 5.e4 Bb4 6.Bxc4 Nxe4 7.O-O
Nxc3 8.bxc3 Be7 9.Ne5 O-O 10.Qg4 f5 11.Qf3 c6 12.Re1 a5 13.a4
Na6 14.Nd3 Nc7 15.Re5 Nd5 16.Ba3 Nxc3 17.Bxe7 Qxe7 18.Nf4 Nd5
19.Bxd5 cxd5 20.Qxd5 Rd8 21.Qc5 Qxc5 22.dxc5 Ra6 23.h4 Rd4 24.g3
Bd7 25.Rb1 Rb4 26.Rd1 Bxa4 27.Rd8+ Kf7 28.Rh8 Bc6 29.Re1 a4 30.Nxe6
Be4 31.Ng5+ Kg6 32.f3 Rb1 33.Rxb1 Bxb1 34.Nh3 a3 35.h5+ Kf7 36.Ng5+
Kf6 37.f4 a2 38.Re8 a1Q 0-1

[Event "SG Schwäbisch Gmünd 1 - SF Deizisau 2"]
[Site "Oberliga Württemberg 2018/2019"]
[Date "2018.09.23"]
[Round "1"]
[White "Pohl, Walter"]
[Black "Valkova, Anzhelika"]
[Result "1-0"]
[WhiteElo "2030"]
[BlackElo "1946"]
[Annotator ""]
[Source ""]
[Remark ""]

1.e4 e6 2.d3 d5 3.Nd2 c5 4.g3 Nc6 5.Bg2 Nf6 6.Ngf3 Be7 7.O-O
Qc7 8.Re1 O-O 9.c3 Nd7 10.Qe2 Bf6 11.Nf1 d4 12.Bf4 e5 13.Bd2
dxc3 14.bxc3 Rd8 15.Ne3 Nb6 16.c4 Nd4 17.Nxd4 exd4 18.Ng4 Be7
19.f4 Na4 20.f5 f6 21.Qf3 Bd7 22.Bf4 Qc8 23.h4 a6 24.h5 Ra7 25.Bh3
Bc6 26.h6 Qxf5 27.hxg7 Qg6 28.Nh6+ Kxg7 29.Bf5 Qe8 30.Qg4+ Kh8
31.Be6 Bd7 32.Bxd7 Rxd7 33.Nf7+ Qxf7 34.Qxd7 Nb2 35.Bd6 Nxd3
36.Rf1 1-0

[Event "SK Bebenhausen 1 - SC Böblingen 1"]
[Site "Oberliga Württemberg 2018/2019"]
[Date "2018.09.23"]
[Round "1"]
[White "Gähwiler, Gabriel"]
[Black "Braun, Georg"]
[Result "1/2-1/2"]
[WhiteElo "2433"]
[BlackElo "2290"]
[Annotator ""]
[Source ""]
[Remark ""]

1.d4 Nf6 2.Nf3 c5 3.e3 cxd4 4.exd4 d5 5.Bd3 Bg4 6.c3 e6 7.Qa4+
Nbd7 8.Ne5 Bh5 9.Bg5 a6 10.Nd2 Be7 11.Nxd7 Qxd7 12.Qxd7+ Nxd7
13.Bxe7 Kxe7 14.a4 a5 15.f3 Bg6 16.Bb5 Nb6 17.Nb3 Nc8 18.Kd2
Nd6 19.Nc5 Rhc8 20.Rhe1 Rc7 21.Nd3 Bxd3 22.Bxd3 Rc6 23.Re5 g6
24.Kc2 Rac8 25.Rae1 Kf6 26.f4 h5 27.g3 {(=)} Nc4 28.R5e2 Rb6
29.Kb1 Nd6 30.Ka2 Nf5 31.Re5 Rbc6 32.Kb1 Rb6 33.Ka2 Rbc6 34.Kb1
Rb6 35.Ka2 1/2-1/2

[Event "SK Bebenhausen 1 - SC Böblingen 1"]
[Site "Oberliga Württemberg 2018/2019"]
[Date "2018.09.23"]
[Round "1"]
[White "Bräuning, Rudolf Wilhelm"]
[Black "Kuklin, Valentin"]
[Result "1/2-1/2"]
[WhiteElo "2276"]
[BlackElo "2340"]
[Annotator ""]
[Source ""]
[Remark ""]

1.e4 e6 2.d4 d5 3.exd5 exd5 4.Nf3 Nf6 5.Bg5 Be7 6.Bd3 O-O 7.O-O
Bg4 8.Re1 Nbd7 9.Nbd2 Re8 10.c3 Bh5 11.Qc2 Bg6 12.Bxg6 hxg6 13.Re2
Bd6 14.Rxe8+ Qxe8 15.Re1 Qb8 16.h3 c6 17.Re2 Qc7 18.Qd1 Re8 19.Rxe8+
Nxe8 20.Qe2 Kf8 21.c4 dxc4 22.Nxc4 Nef6 23.Nfe5 Nd5 24.Nxd6 Qxd6
25.Qg4 N5b6 26.Qh4 Ke8 27.Nd3 f6 28.Be3 Nd5 29.Qh8+ Qf8 30.Qh7
Kf7 31.Qh4 Qd6 32.Qg4 b6 33.Qf3 Kg8 34.a3 a5 35.Qe4 Kf7 36.Qh4
a4 37.Qg4 b5 38.Qf3 Kg8 39.Qe4 Kf7 40.Qf3 N5b6 41.Ne5+ Nxe5 42.dxe5
Qc7 43.exf6 gxf6 44.Bd4 Nd5 45.g3 Qd6 46.h4 c5 47.Be3 Nxe3 48.Qxe3
c4 49.Qc3 Qd1+ 50.Kg2 Qd5+ 51.Kf1 Qd1+ 52.Kg2 Qd5+ 53.Kf1 1/2-1/2

[Event "SK Bebenhausen 1 - SC Böblingen 1"]
[Site "Oberliga Württemberg 2018/2019"]
[Date "2018.09.23"]
[Round "1"]
[White "Ortmann, David"]
[Black "Khadempour, Farhad"]
[Result "1-0"]
[WhiteElo "2310"]
[BlackElo "2165"]
[Annotator ""]
[Source ""]
[Remark ""]

1.d4 d5 2.c4 c6 3.cxd5 cxd5 4.Bg5 h6 5.Bh4 Qb6 6.Nc3 e6 7.Qd2
Bd7 8.e3 Bc6 9.Nf3 Nd7 10.Bd3 Ngf6 11.Bxf6 Nxf6 12.Ne5 Bd6 13.f4
Rc8 14.O-O O-O 15.Rac1 Bb4 16.a3 Bxc3 17.Rxc3 Rc7 18.b4 Rfc8
19.Rc5 a6 20.f5 Bb5 21.fxe6 fxe6 22.Bxb5 Rxc5 23.bxc5 Qxb5 24.Qd3
Qe8 25.Qg6 Qxg6 26.Nxg6 Kf7 27.Nf4 Ke7 28.Rb1 Rc7 29.Rb6 Nd7
30.Rxe6+ Kf7 31.Rd6 Nf6 32.Nxd5 Nxd5 33.Rxd5 Ke6 34.Rd6+ Kf5
35.Kf2 Ke4 36.Ke2 Rf7 37.Rd8 Re7 38.a4 Rf7 39.a5 Re7 40.Rf8 Rd7
41.Rf4+ Kd5 42.Kd3 Rc7 43.e4+ Kc6 44.Kc4 Re7 45.d5+ Kd7 46.Kd4
Ke8 47.e5 Rc7 48.e6 Re7 49.Ke5 Rc7 50.Kd6 Re7 51.Rf7 Rxf7 52.exf7+
Kxf7 53.Kc7 1-0

[Event "SK Bebenhausen 1 - SC Böblingen 1"]
[Site "Oberliga Württemberg 2018/2019"]
[Date "2018.09.23"]
[Round "1"]
[White "Carstens, Andreas"]
[Black "Tran, Thanh Kien"]
[Result "1/2-1/2"]
[WhiteElo "2124"]
[BlackElo "2090"]
[Annotator ""]
[Source ""]
[Remark ""]

1.e4 c5 2.Nf3 d6 3.d4 cxd4 4.Nxd4 Nf6 5.Nc3 a6 6.f3 e5 7.Nb3
Be6 8.Be3 Be7 9.Qd2 O-O 10.O-O-O a5 11.a4 Nc6 12.g4 Nb4 13.g5
Nh5 14.Rg1 Rc8 15.Kb1 Nf4 16.h4 d5 17.Bxf4 exf4 18.exd5 Bf5 19.Bd3
Bxd3 20.cxd3 Nxd5 1/2-1/2

[Event "SK Bebenhausen 1 - SC Böblingen 1"]
[Site "Oberliga Württemberg 2018/2019"]
[Date "2018.09.23"]
[Round "1"]
[White "Vujic, Branimir"]
[Black "Latzke, Boris"]
[Result "1-0"]
[WhiteElo "2263"]
[BlackElo "2146"]
[Annotator ""]
[Source ""]
[Remark ""]

1.d4 Nf6 2.Bf4 d5 3.e3 c5 4.Nc3 cxd4 5.exd4 a6 6.Bd3 Bg4 7.Nge2
Nc6 8.f3 Bh5 9.Qd2 e6 10.Be3 Bg6 11.Nf4 Bxd3 12.Nxd3 Bd6 13.Ne2
Qc7 14.Bf4 O-O 15.c3 Rac8 16.O-O Bxf4 17.Nexf4 Na5 18.Rfe1 Nc4
19.Qe2 Rfd8 20.g3 h6 21.Kg2 Rd6 22.Ne5 Rb6 23.Nfd3 Nxe5 24.Nxe5
Nd7 25.Nd3 Rc6 26.h4 Nb6 27.g4 Nc4 28.Kh3 a5 29.Rg1 Qd8 30.Rg2
a4 31.a3 Qc7 32.Re1 Qd8 33.Qc2 Qa5 34.g5 h5 35.g6 Rf8 36.Ne5
Nxe5 37.Rxe5 f6 38.Rxh5 e5 39.Qd3 Rd8 40.dxe5 fxe5 41.Rxe5 Rf6
42.Rf5 Qb6 43.Rxf6 Qxf6 44.Rg4 Qe6 45.Kg2 Rd6 46.h5 Rb6 47.Rb4
Rxb4 48.axb4 Qe5 49.Qb5 Qg5+ 50.Kf2 Qh4+ 51.Ke2 Qh2+ 52.Kd3 1-0

[Event "SK Bebenhausen 1 - SC Böblingen 1"]
[Site "Oberliga Württemberg 2018/2019"]
[Date "2018.09.23"]
[Round "1"]
[White "Roth, Jürgen Eugen"]
[Black "Bauer, Peter"]
[Result "1/2-1/2"]
[WhiteElo "2131"]
[BlackElo "2132"]
[Annotator ""]
[Source ""]
[Remark ""]

1.Nf3 Nf6 2.e3 b6 3.d4 Bb7 4.Bd3 c5 5.Nbd2 cxd4 6.exd4 g6 7.O-O
Bg7 8.Re1 O-O 9.c3 d6 10.a4 a6 11.Qe2 Nd5 12.Nf1 Re8 13.Bd2 Nc6
14.Ng5 Nf6 15.f4 e6 16.Qf2 Na5 17.Rad1 Qc7 18.Bc2 Bd5 19.Ne3
Bb3 20.Bxb3 Nxb3 21.Qe2 Qc6 22.Qc4 Qxc4 23.Nxc4 h6 24.Nf3 d5
25.Nce5 Rec8 26.Be3 Ra7 27.Nd2 Nxd2 28.Rxd2 Ne4 29.Rc2 b5 30.axb5
axb5 31.Rec1 Ra2 32.Nd3 Bf8 33.Bd2 Bd6 34.g3 Kg7 35.Kg2 Rc7 36.Be1
Ra4 37.Re2 Ra2 38.Kf3 Bf8 39.Ke3 h5 40.h3 Nd6 41.Kf3 Rca7 42.g4
hxg4+ 43.hxg4 Ra1 44.Rec2 Nc4 45.b3 Nb6 46.Rxa1 Rxa1 47.Rc1 Ra2
48.Rb1 Bd6 49.Ke3 Nd7 50.Bh4 Rh2 51.Bg3 Rh3 52.Kf3 Nf6 53.Nf2
Rh8 54.g5 Nd7 55.f5 Bxg3 56.f6+ Kh7 57.Rh1+ Kg8 58.Rxh8+ Kxh8
59.Kxg3 Kg8 60.Ng4 Kf8 61.Ne3 Ke8 62.Nc2 Nb8 63.Na3 b4 64.cxb4
Nc6 65.Nc2 Na7 66.Kf4 Kd7 67.Ke3 Nb5 68.Ne1 Nd6 69.Nf3 Kc6 70.Kf4
Kb5 71.Nh4 Kxb4 72.Ke5 Ne4 73.Nxg6 Nxg5 74.Nh8 Kc3 75.Nxf7 Nxf7+
76.Kxe6 Ng5+ 77.Kxd5 Kxb3 78.Kc6 Kc4 79.d5 Kd4 80.d6 Ke5 81.d7
Nf7 1/2-1/2

[Event "SK Bebenhausen 1 - SC Böblingen 1"]
[Site "Oberliga Württemberg 2018/2019"]
[Date "2018.09.23"]
[Round "1"]
[White "Schröter, Samuel"]
[Black "Wendler, David"]
[Result "0-1"]
[WhiteElo "2121"]
[BlackElo "2160"]
[Annotator ""]
[Source ""]
[Remark ""]

1.Nf3 g6 2.c4 Bg7 3.d4 c5 4.d5 Nf6 5.Nc3 d6 6.h3 O-O 7.e4 b5
8.cxb5 a6 9.bxa6 Bxa6 10.Bxa6 Nxa6 11.O-O Qb6 12.Qe2 Nc7 13.Bg5
Rfb8 14.b3 Nb5 15.Na4 Qb7 16.Rac1 h6 17.Bf4 Re8 18.Rfd1 e6 19.dxe6
Rxe6 20.e5 Nd7 21.Qd2 g5 22.Bg3 Nxe5 23.Nxe5 Bxe5 24.Qd3 Rae8
25.Bxe5 Rxe5 26.Kf1 {(=)} Nd4 27.Nc3 R8e6 28.Qg3 Nf5 29.Qd3 Nd4
30.Qg3 h5 31.Kg1 Kg7 32.Qd3 g4 33.Qg3 h4 34.Qxg4+ Rg6 0-1

[Event "SK Bebenhausen 1 - SC Böblingen 1"]
[Site "Oberliga Württemberg 2018/2019"]
[Date "2018.09.23"]
[Round "1"]
[White "Trettin, Ulrich"]
[Black "Frolik, Erhard"]
[Result "1/2-1/2"]
[WhiteElo "1940"]
[BlackElo "2245"]
[Annotator ""]
[Source ""]
[Remark ""]

1.d4 d5 2.c4 c6 3.Nf3 Nf6 4.e3 Bf5 5.Nh4 Bxb1 6.Rxb1 e5 7.dxe5
Bb4+ 8.Ke2 Ng4 9.Nf3 dxc4 10.Qxd8+ Kxd8 11.h3 Nh6 12.Bd2 Bxd2
13.Nxd2 b5 14.g4 Nd7 15.f4 Re8 16.Bg2 Kc7 17.Rbc1 a5 18.b3 a4
19.bxc4 b4 20.Rb1 Rab8 21.Ne4 f6 22.exf6 gxf6 23.Rhd1 Re7 24.Rxd7+
Kxd7 25.Nc5+ Kd6 26.Na6 Rc8 27.Nxb4 Kc5 28.Nd3+ Kxc4 29.Rb4+
Kc3 30.Rxa4 Nf7 31.Ra3+ Kc4 32.Rb3 Ra7 33.Rb4+ Kc3 34.Rb3+ Kc4 1/2-1/2

[Event "Stuttgarter SF 1 - SK Schmiden/Cannstatt 1"]
[Site "Oberliga Württemberg 2018/2019"]
[Date "2018.09.23"]
[Round "1"]
[White "Benkovic, Petar"]
[Black "Trachtmann, Mark"]
[Result "1-0"]
[WhiteElo "2338"]
[BlackElo "2253"]
[Annotator ""]
[Source ""]
[Remark ""]

1.Nf3 g6 2.d4 Bg7 3.c4 d6 4.Nc3 Bg4 5.e3 e5 6.Be2 Nc6 7.d5 Nce7
8.Qb3 b6 9.Nxe5 Bxe2 10.Qa4+ c6 11.Nxc6 Qd7 12.Nxe2 Rc8 13.Ned4
Bxd4 14.exd4 Nxc6 15.dxc6 Qxc6 16.Qxc6+ Rxc6 17.b3 d5 18.cxd5
Rd6 19.Ba3 Rxd5 20.O-O-O Kd7 21.Rhe1 f6 22.Re4 h5 23.Rde1 Rh7
24.Re8 Nh6 25.R1e7+ Rxe7 26.Rxe7+ Kc8 27.Rxa7 Rxd4 28.Rg7 Rg4
29.g3 h4 30.Bb2 hxg3 31.hxg3 Rg5 32.Bxf6 Rc5+ 33.Kb2 Ng4 34.Bd4
Rd5 35.Kc3 Rd6 36.Rh7 g5 37.Rg7 Nh2 38.Be3 g4 39.a4 Re6 40.b4
Nf1 41.Kd3 1-0

[Event "Stuttgarter SF 1 - SK Schmiden/Cannstatt 1"]
[Site "Oberliga Württemberg 2018/2019"]
[Date "2018.09.23"]
[Round "1"]
[White "Krockenberger, Martin"]
[Black "Neyman, Igor"]
[Result "1/2-1/2"]
[WhiteElo "2179"]
[BlackElo "2287"]
[Annotator ""]
[Source ""]
[Remark ""]

1.d4 Nf6 2.c4 e6 3.g3 d5 4.Nf3 Bb4+ 5.Bd2 Be7 6.Bg2 O-O 7.O-O
b6 8.Bf4 Bb7 9.Qc2 c6 10.Rd1 Nbd7 11.cxd5 cxd5 12.Nc3 a6 13.a4
Nh5 14.Ne5 Nxf4 15.gxf4 f5 16.Qb3 Nxe5 17.fxe5 Bc6 18.Na2 b5
19.axb5 Bxb5 20.Nc1 Rb8 21.Qc2 Qb6 22.Qd2 Rfc8 23.e3 Rc6 24.b3
Rbc8 25.Ra2 Rc3 26.Bf1 a5 27.Bxb5 Qxb5 28.Ne2 Rxb3 29.Qxa5 1/2-1/2

[Event "Stuttgarter SF 1 - SK Schmiden/Cannstatt 1"]
[Site "Oberliga Württemberg 2018/2019"]
[Date "2018.09.23"]
[Round "1"]
[White "Strunski, Andreas"]
[Black "Thoma, Christian"]
[Result "1-0"]
[WhiteElo "2211"]
[BlackElo "2168"]
[Annotator ""]
[Source ""]
[Remark ""]

1.d4 Nf6 2.c4 e6 3.Nc3 Bb4 4.Qc2 O-O 5.a3 Bxc3+ 6.Qxc3 b6 7.Bg5
Bb7 8.e3 d6 9.Qd3 Nbd7 10.Ne2 h6 11.Bh4 Ba6 12.b4 d5 13.b5 dxc4
14.Qxc4 Bb7 15.Rc1 Rc8 16.Qa4 a6 17.bxa6 Ra8 18.Nc3 Nb8 19.a7
Nc6 20.Nb5 Nxa7 21.Nxc7 Rc8 22.Bg3 Nc6 23.Bb5 Ne7 24.O-O Nf5
25.Be5 Ng4 26.Qa7 Bxg2 27.Kxg2 Rxc7 28.Qxc7 Qd5+ 29.e4 Qxe4+
30.f3 Nh4+ 31.Kh1 Qe3 32.Qc2 Nxf3 33.Qe2 1-0